مكتبة جامعة عجلون الوطنية

فهرس بحث المكتبة

Normal view MARC view
  • الأخرس ، نشأت

Entry Personal Name

Number of records used in: 1

001 - CONTROL NUMBER

  • control field: 25406

003 - CONTROL NUMBER IDENTIFIER

  • control field: JO-AjAnu

005 - DATE AND TIME OF LATEST TRANSACTION

  • control field: 20230606074336.0

008 - FIXED-LENGTH DATA ELEMENTS

  • fixed length control field: 230606|| aca||aabn | a|a d

040 ## - CATALOGING SOURCE

  • Original cataloging agency: JO-AjAnu
  • Transcribing agency: JO-AjAnu

100 ## - HEADING--PERSONAL NAME

  • Personal name: الأخرس ، نشأت

670 ## - SOURCE DATA FOUND

  • Source citation: Work cat.: (JO-AjAnu)13066: الأخرس ، نشأت , author, الصلح الواقي من الإفلاس في القوانين الاردنية والمصرية واللبنانية والتونسية والقانون البريطاني " دراسة مقارنة "